Statistics for Company Slogans #3

Click here to take the quiz!

General Stats

  • This quiz has been taken 22 times
  • The average score is 6 of 15

Answer Stats

SloganAnswer% Correct
Have a break. Have a _____ _______Kit Kat
95%
Taste the RainbowSkittles
84%
Melts in your Mouth. Not in your HandsM&Ms
63%
You got chocolate in my Peanut Butter!Reese's Peanut Butter Cups
53%
Crispy, Crunchety, peanut-butteryButterfinger
47%
Hungry? Why wait?Snickers
47%
The Great American Chocolate BarHershey's
42%
Life's better the ___________Milky Way
37%
Isn't Life Juicy?Starburst
37%
Two for me. None for you.Twix
26%
Get the Sensation!York Peppermint Patty
21%
A lighter way to enjoy Chocolate3 Musketeers
11%
Do you eat the red ones last?Smarties
11%
Feast Like A BeastFeastables
5%
Makes Mouths HappyTwizzlers
5%

Score Distribution

Percentile by Number Answered

Percent of People with Each Score

Your Score History

You have not taken this quiz